| Tag |
First Indicator |
Second Indicator |
Subfields |
| LEADER |
00000cam a2200000 a 4500 |
| 001 |
in00001804591 |
| 005 |
20151026052535.0 |
| 008 |
980519s1990 txu 000 1 spa d |
| 010 |
|
|
|a 98152356
|
| 020 |
|
|
|a 0961540346
|
| 035 |
|
|
|a (OCoLC)ocm24209223
|
| 040 |
|
|
|a IQU
|c DLC
|d IQU
|d TAI
|d UtOrBLW
|
| 042 |
|
|
|a lccopycat
|
| 049 |
|
|
|a TXAM
|
| 050 |
0 |
0 |
|a PQ7298.15.L54
|b S87 1990
|
| 100 |
1 |
|
|a Elizondo, Sergio D.
|
| 245 |
1 |
0 |
|a Suruma /
|c Sergio D. Elizondo.
|
| 250 |
|
|
|a 1. ed.
|
| 264 |
|
1 |
|a El Paso, Texas :
|b Dos Pasos,
|c 1990.
|
| 300 |
|
|
|a 160 pages ;
|c 20 cm.
|
| 336 |
|
|
|a text
|b txt
|2 rdacontent
|
| 337 |
|
|
|a unmediated
|b n
|2 rdamedia
|
| 338 |
|
|
|a volume
|b nc
|2 rdacarrier
|
| 650 |
|
0 |
|a Mexican Americans
|v Fiction.
|
| 650 |
|
7 |
|a Mexicano-americanos
|x Novela.
|2 bidex
|
| 994 |
|
|
|a E0
|b TXA
|
| 948 |
|
|
|a cataloged
|b h
|c 2004/4/13
|d c
|e bwalker
|f 9:29:11 am
|
| 999 |
|
|
|a MARS
|
| 999 |
f |
f |
|s de0dad6d-90ee-30a2-a4fd-ac4e00461078
|i ea5ceeca-caf1-33db-9a95-2baf463e8335
|t 0
|
| 952 |
f |
f |
|p noncirc
|a Texas A&M University
|b College Station
|c Cushing Memorial Library & Archives
|d Cushing: Area Studies/Hispanic (Does not check out)
|t 0
|e PQ7298.15.L54 S87 1990
|h Library of Congress classification
|i unmediated -- volume
|
| 952 |
f |
f |
|p normal
|a Texas A&M University
|b College Station
|c Sterling C. Evans Library
|d Evans: Library Stacks
|t 0
|e PQ7298.15.L54 S87 1990
|h Library of Congress classification
|i unmediated -- volume
|m A14831118859
|
| 998 |
f |
f |
|a PQ7298.15.L54 S87 1990
|t 0
|l Evans: Library Stacks
|
| 998 |
f |
f |
|a PQ7298.15.L54 S87 1990
|t 0
|l Cushing: Area Studies/Hispanic (Does not check out)
|